Loading...
| Literature - American | 0 | 7 | 0 | 1 | 70 | 65 | 87.71 | 4 | 7 | 26.04 | 53.33 |
| History - American | 0 | 5 | 0 | 0 | 50 | 76 | 87.00 | 1 | 5 | 15.83 | 33.33 |
| Fine Arts - Other | 0 | 4 | 0 | 0 | 40 | 60 | 85.50 | 3 | 4 | 14.65 | 33.33 |
| Literature - British | 0 | 3 | 0 | 0 | 30 | 62 | 66.00 | 2 | 3 | 16.16 | 26.67 |
| Fine Arts - Painting and Sculpture | 0 | 3 | 0 | 1 | 30 | 95 | 109.00 | 1 | 3 | 5.91 | 20.00 |
| Mythology | 0 | 3 | 0 | 0 | 30 | 80 | 100.67 | 0 | 3 | 7.24 | 16.67 |
| History - Other | 0 | 2 | 0 | 0 | 20 | 87 | 93.00 | 0 | 2 | 5.70 | 13.33 |
| History - World | 0 | 2 | 0 | 0 | 20 | 77 | 80.50 | 1 | 2 | 7.02 | 16.67 |
| Literature - European | 0 | 2 | 0 | 0 | 20 | 56 | 71.00 | 0 | 2 | 10.08 | 10.00 |
| Science - Other | 0 | 1 | 0 | 0 | 10 | 70 | 70.00 | 0 | 1 | 4.49 | 3.33 |
| Geography | 0 | 1 | 0 | 0 | 10 | 91 | 91.00 | 1 | 1 | 10.86 | 22.22 |
| Literature - World | 0 | 1 | 0 | 0 | 10 | 75 | 75.00 | 0 | 1 | 4.57 | 6.67 |
| Fine Arts - Classical Music | 0 | 1 | 0 | 0 | 10 | 79 | 79.00 | 0 | 1 | 3.13 | 3.33 |
| Pop Culture | 0 | 1 | 0 | 0 | 10 | 20 | 20.00 | 1 | 1 | 28.57 | 22.22 |
| Religion | 0 | 1 | 0 | 1 | 10 | 124 | 124.00 | 0 | 1 | 0.00 | 3.33 |
| History - European | 0 | 0 | 1 | 0 | -5 | 0.00 | 0 | 0 | 0.00 | 0.00 |